• 首页
  • 本馆介绍
  • 公告通知
  • 最新文献
  • 馆藏检索
  • 电子资源
  • 读者导购
  • 参考咨询
  • 我的图书馆
  • 登录
  • 详细信息显示
  • 放入我的书架
  • 预约/预借图书
  • 作者相关作品
  • 分类相关作品
  • 丛书相关作品
  • 出版社相关作品

书目信息

  • 表格格式
  • 工作单格式
  • 卡片格式
题名:
家用洗衣机故障检修实例
    
 
作者: 黄签名 , 黄艳丽 编著
分册:  
出版信息: 北京   金盾出版社  2001
页数: 13,164页
开本: 19cm
丛书名:
单 册:
中图分类: TM925.330.7 , TM925.3
科图分类:
主题词: 洗衣机--检修
电子资源:
ISBN: 7-5082-1519-2
000 00804nam0 2200241 450
001 2338845625
005 20231224104753.95
010    @a7-5082-1519-2@dCNY 9.00
100    @a20010729d2001 ekmy0chiy0110 ea
101 0  @achi
102    @aCN@b110000
105    @ay z 000yy
200 1  @a家用洗衣机故障检修实例@Ajia yong xi yi ji gu zhang jian xiu shi li@b专著@f黄签名,黄艳丽编著
210    @a北京@c金盾出版社@d2001
215    @a13,164页@d19cm
330    @a本书收集了30余种牌号的家用洗衣机故障检修实例,共计180余例,每例均较详细地介绍了机型、故障现象、分析与检修方法。
606 0  @a洗衣机@x检修
690    @aTM925.330.7@v5
690    @aTM925.3@v4
701  0 @a黄签名@Ahuang qian ming@4编著
701  0 @a黄艳丽@Ahuang yan li@4编著
801  2 @aCN@b辽宁北配@c20231205
905    @aBZT@dTM925.3@e33
    
    家用洗衣机故障检修实例/黄签名,黄艳丽编著.-北京:金盾出版社,2001
    13,164页;19cm
    
    
    ISBN 7-5082-1519-2:CNY 9.00
    本书收集了30余种牌号的家用洗衣机故障检修实例,共计180余例,每例均较详细地介绍了机型、故障现象、分析与检修方法。
●
相关链接 在五车中查询图书 在当当中查询图书 在豆瓣中查询图书


正题名:家用洗衣机故障检修实例     索取号:TM925.3/33         预约/预借

序号 登录号 条形码 馆藏地/架位号 状态 备注
1 2001692790   2001692790   辽三/辽宁北配(第三批)/3816/ [索取号:TM925.3/33] 在馆    
2 2001692791   2001692791   辽三/辽宁北配(第三批)/3816/ [索取号:TM925.3/33] 在馆    
3 2001692792   2001692792   辽三/辽宁北配(第三批)/3816/ [索取号:TM925.3/33] 在馆    
4 2001692793   2001692793   辽三/辽宁北配(第三批)/3816/ [索取号:TM925.3/33] 在馆    
5 2001692794   2001692794   辽三/辽宁北配(第三批)/3816/ [索取号:TM925.3/33] 在馆    
6 2001692795   2001692795   辽三/辽宁北配(第三批)/3816/ [索取号:TM925.3/33] 在馆    
7 2001692796   2001692796   辽三/辽宁北配(第三批)/3816/ [索取号:TM925.3/33] 在馆    
8 2001692797   2001692797   辽三/辽宁北配(第三批)/3816/ [索取号:TM925.3/33] 在馆    
9 2001692798   2001692798   辽三/辽宁北配(第三批)/3816/ [索取号:TM925.3/33] 在馆    
10 2001692799   2001692799   辽三/辽宁北配(第三批)/3816/ [索取号:TM925.3/33] 在馆    
11 2001692800   2001692800   辽三/辽宁北配(第三批)/3816/ [索取号:TM925.3/33] 在馆    
12 2001692801   2001692801   辽三/辽宁北配(第三批)/3816/ [索取号:TM925.3/33] 在馆    
13 2001692802   2001692802   辽三/辽宁北配(第三批)/3816/ [索取号:TM925.3/33] 在馆    
14 2001692803   2001692803   辽三/辽宁北配(第三批)/3816/ [索取号:TM925.3/33] 在馆    
15 2001692804   2001692804   辽三/辽宁北配(第三批)/3816/ [索取号:TM925.3/33] 在馆    
16 2001692805   2001692805   辽三/辽宁北配(第三批)/3816/ [索取号:TM925.3/33] 在馆    
17 2001692806   2001692806   辽三/辽宁北配(第三批)/3816/ [索取号:TM925.3/33] 在馆    
18 2001692807   2001692807   辽三/辽宁北配(第三批)/3816/ [索取号:TM925.3/33] 在馆    
19 2001692808   2001692808   辽三/辽宁北配(第三批)/3816/ [索取号:TM925.3/33] 在馆    
20 2001692809   2001692809   辽三/辽宁北配(第三批)/3816/ [索取号:TM925.3/33] 在馆    
21 2001692810   2001692810   辽三/辽宁北配(第三批)/3816/ [索取号:TM925.3/33] 在馆    
22 2001692811   2001692811   辽三/辽宁北配(第三批)/3816/ [索取号:TM925.3/33] 在馆    
23 2001692812   2001692812   辽三/辽宁北配(第三批)/3816/ [索取号:TM925.3/33] 在馆    
24 2001692813   2001692813   辽三/辽宁北配(第三批)/3816/ [索取号:TM925.3/33] 在馆    
25 2001692814   2001692814   辽三/辽宁北配(第三批)/3816/ [索取号:TM925.3/33] 在馆    
26 2001692815   2001692815   辽三/辽宁北配(第三批)/3816/ [索取号:TM925.3/33] 在馆    
27 2001692816   2001692816   辽三/辽宁北配(第三批)/3816/ [索取号:TM925.3/33] 在馆    
28 2001692817   2001692817   辽三/辽宁北配(第三批)/3816/ [索取号:TM925.3/33] 在馆    
29 2001692818   2001692818   辽三/辽宁北配(第三批)/3816/ [索取号:TM925.3/33] 在馆    
30 2001692819   2001692819   辽三/辽宁北配(第三批)/3816/ [索取号:TM925.3/33] 在馆    
山东省滨州职业学院图书馆 欢迎您!
大连网信软件有限公司© 版权所有